00401nam a22001217a 4500008004100000020001900041050002200060100001600082245009400098260005200192300001600244700001900260230807b |||||||| |||| 00| 0 eng d a978-0702237676 aPN4784b.L96 2010 aLynch, Jake aReporting conflict :bNew directions in peace journalism/bycJake Lynch and Johan Galtung aAustraliabUniversity of Queensland pressc2010 axiii, 225p. aGaltung, Johan